000 00290nam a22001337a 4500
008 170131b xxu||||| |||| 00| 0 eng d
020 _a0721617115
041 _aeng
080 _a61
100 _a3
101 _aSHMI
245 _aCRITICAL CARE MEDICINE
_cLUCE & PIERSON
942 _2udc
_cBK
999 _c4086
_d4086